History Quiz

Random History or War Quiz

Who was the United States at War With? (1775-1800) Quiz Stats

 Plays Quiz not verified by Sporcle

Challenge
Share
Tweet
Embed
Score 0/12 Timer 06:00
0 Plays Today
War Answer % Correct
American Revolution, NW Indian WarGreat Britain
96.4%
Quasi WarFrance
80.4%
Quasi WarSpain
60.7%
American Revolution, Chickamauga WarCherokee
23.2%
American RevolutionIroquois
21.4%
American RevolutionMohawk
16.1%
American RevolutionGerman Auxiliaries
12.5%
American RevolutionSeneca
10.7%
American RevolutionOnondaga
5.4%
American RevolutionCayuga
3.6%
Whiskey RebellionFrontier Tax Protesters
3.6%
NW Indian WarWestern Confederacy
0%

You're not logged in!

Compare scores with friends on all Sporcle quizzes.
Join for Free
OR
Log In

You Might Also Like...

Show Comments

Extras

Top Quizzes Today


Score Distribution

Your Account Isn't Verified!

In order to create a playlist on Sporcle, you need to verify the email address you used during registration. Go to your Sporcle Settings to finish the process.

Report this User

Report this user for behavior that violates our Community Guidelines.

Details: